000 00477 a2200169 4500
003 OSt
005 20231218135934.0
008 231218b |||||||| |||| 00| 0 eng d
020 _a9789350722411
040 _coclc
082 _a891.43
_bDET/S
100 _aDetha, Vijaydan
_910168
245 _aSAHITYA AUR SAMAJ /
_cVjaydan Detha
260 _aNew Delhi:
_bVani Prakashan,
_c2017.
300 _a148p
942 _2ddc
_cBK
_h891.43
_iDET/S
_k891.43
_mDET/S
999 _c43470
_d43470